| 000 | 00549nam a22001697a 4500 | ||
|---|---|---|---|
| 003 | CEME | ||
| 005 | 20210628210729.0 | ||
| 008 | 210212b xxu||||| |||| 00| 0 eng d | ||
| 020 | _a0-13-619719-1 | ||
| 040 | _c. | ||
| 082 | _a005.12 LEE | ||
| 245 | _aUml and c plus plusa practical guide to object oriented development | ||
| 260 |
_aNEW JERSEY _bPRENTICE HALL _c1997 |
||
| 300 | _aXVII,446P | ||
| 650 |
_aOBJECT ORIENTED PROGRAMMING-COMPUTER SCIENCE COMPUTER SOFTWARE-DEVELOPMENT C PLUS PLUS-COMPUTER PROGRAM LANGUAGE _980736 |
||
| 942 |
_cBK _2ddc |
||
| 999 |
_c585625 _d585625 |
||